000 00698nam a2200289Ia 4500
005 20260324142459.0
008 008 260324s9999 xx 000 0 eng d
020 _a9781315035857
037 _aEBOOK
040 _aCRL
040 _beng
040 _cCRL
041 _2eng
041 _aeng
084 _qCRL
100 _aMikhail Volodarsky
_91212096
245 4 _aThe Soviet Union and Its Southern Neighbours
245 0 _bIran and Afghanistan 1917-1933
260 _bTaylor and Francis
260 _c1994
365 _a
365 _b220
856 _uhttp://www.taylorfrancis.com/books/9781315035857
942 _cEBOOK
999 _c1816347
_d1816347